| 000 | 00454cam a22001457a 4500 | ||
|---|---|---|---|
| 008 | 180718b1978 xxu||||| |||| 00| 0 eng d | ||
| 082 | _aB136 r668 | ||
| 100 | _aRondinelli, Dennis A. | ||
| 245 |
_aUrbanisation and rural development: a spatial policy for equitable growth _cby Dennis A. Rondinelli and K. Ruddle |
||
| 260 |
_aNew York _bPraeger _c1978 |
||
| 300 | _a221p. | ||
| 650 | _aUrbanization | ||
| 650 | _aRural development | ||
| 700 | _aRuddle, K. | ||
| 999 |
_c352825 _d352825 |
||